Псевдолинейное двуканальное корректирующее устройство систем автоматического регулирования; Современные техника и технологии; Т. 2

Détails bibliographiques
Parent link:Современные техника и технологии: сборник трудов XX международной научно-практической конференции студентов, аспирантов и молодых ученых, Томск, 14-18 апреля 2014 г./ Национальный исследовательский Томский политехнический университет (ТПУ).— , 2014
Т. 2.— 2014.— [С. 223-224]
Auteur principal: Никифоров Д. В.
Collectivité auteur: Национальный исследовательский Томский политехнический университет (ТПУ) Институт кибернетики (ИК) Кафедра автоматики и компьютерных систем (АИКС)
Autres auteurs: Скороспешкин М. В. Максим Владимирович (научный руководитель)
Résumé:Заглавие с титульного экрана
Langue:russe
Publié: 2014
Collection:Информатика и управление в технических системах
Sujets:
Accès en ligne:http://earchive.tpu.ru/handle/11683/20812
http://www.lib.tpu.ru/fulltext/c/2014/C01/V2/109.pdf
Format: Électronique Chapitre de livre
KOHA link:https://koha.lib.tpu.ru/cgi-bin/koha/opac-detail.pl?biblionumber=606900

MARC

LEADER 00000naa2a2200000 4500
001 606900
005 20260306113801.0
035 |a (RuTPU)RU\TPU\conf\4279 
035 |a RU\TPU\conf\4278 
090 |a 606900 
100 |a 20140619d2014 k y0rusy50 ca 
101 0 |a rus 
102 |a RU 
135 |a drcn ---uucaa 
181 0 |a i  
182 0 |a b 
200 1 |a Псевдолинейное двуканальное корректирующее устройство систем автоматического регулирования  |f Д. В. Никифоров, М. В. Скороспешкин  |g науч. рук. М. В. Скороспешкин 
203 |a Текст  |c электронный 
225 1 |a Информатика и управление в технических системах 
300 |a Заглавие с титульного экрана 
320 |a [Библиогр.: с. 224 (3 назв.)] 
337 |a Adobe Reader 
461 1 |0 (RuTPU)RU\TPU\conf\3687  |t Современные техника и технологии  |o сборник трудов XX международной научно-практической конференции студентов, аспирантов и молодых ученых, Томск, 14-18 апреля 2014 г.  |o в 3 т.  |f Национальный исследовательский Томский политехнический университет (ТПУ)   |d 2014 
463 1 |0 (RuTPU)RU\TPU\conf\3689  |t Т. 2  |v [С. 223-224]  |d 2014 
610 1 |a труды учёных ТПУ 
610 1 |a электронный ресурс 
610 1 |a корректирующие устройства 
610 1 |a псевдолинейные устройства 
610 1 |a автоматическое регулирование 
610 1 |a амплитудно-частотная характеристика 
610 1 |a ПИД-регуляторы 
700 1 |a Никифоров  |b Д. В. 
701 1 |a Скороспешкин  |b М. В.  |c специалист в области информатики и вычислительной техники  |c доцент Томского политехнического университета, инженер, кандидат технических наук  |f 1980-  |g Максим Владимирович  |3 (RuTPU)RU\TPU\pers\25411  |9 11353 
702 1 |a Скороспешкин  |b М. В.  |c специалист в области информатики и вычислительной техники  |c доцент Томского политехнического университета, инженер, кандидат технических наук  |f 1980-  |g Максим Владимирович  |4 727 
712 0 2 |a Национальный исследовательский Томский политехнический университет (ТПУ)  |b Институт кибернетики (ИК)  |b Кафедра автоматики и компьютерных систем (АИКС)  |3 (RuTPU)RU\TPU\col\18698 
801 2 |a RU  |b 63413507  |c 20210310  |g RCR 
856 4 |u http://earchive.tpu.ru/handle/11683/20812 
856 4 |u http://www.lib.tpu.ru/fulltext/c/2014/C01/V2/109.pdf 
942 |c CF